| 000 | 00806nam a2200241Ia 4500 | ||
|---|---|---|---|
| 003 | OSt | ||
| 005 | 20250122102022.0 | ||
| 008 | 210716s2010 xx 000 0 und d | ||
| 020 | _a9788174468192 | ||
| 040 | _cAIMIT LIBRARY | ||
| 041 | _aeng | ||
| 082 |
_a001.072658 _21 _bJAIR |
||
| 245 |
_aOrganizational excellence: _bmanaging corporate responsibility and risk for synergising business practices to achieve / _cEdited by Rajendra Jain and Neha Lakhotia. |
||
| 250 | _a1st ed. | ||
| 260 |
_aNew Delhi : _bExcel Books , _c2010. |
||
| 300 |
_axvii;515p. ; _bPB _c25 cm |
||
| 650 |
_aFinance _9194451 |
||
| 650 |
_aMarketing _9194452 |
||
| 650 |
_aIT and system _9194453 |
||
| 700 |
_aJain, Rajendra., ed. _9194454 |
||
| 700 |
_aLakhotia, Neha., ed. _9194455 |
||
| 942 |
_2ddc _cBK _e1st _k001.072658 JAIR |
||
| 999 |
_c192648 _d192648 |
||